000 00462nam a2200193 a 4500
001 1754899567726
003 ACL
005 20250811133835.0
008 250811s2001##################000#0#eng##
020 _a9780349114569
082 0 4 _a954.0310922
_bALL
100 1 _aAllen, Charles,
_eauthor.
245 1 0 _aSoldier Sahibs :
260 _bGardners Books,
_c2001.
300 _a368 pages
650 0 _aHistory.
942 _cENGLISH
040 _aACL
_beng
_cACL
999 _c580050
_d580050